| 000 | 01413cam a2200301 4500500 | ||
|---|---|---|---|
| 005 | 20260208005100.0 | ||
| 041 | _afre | ||
| 042 | _adc | ||
| 100 | 1 | 0 |
_aLeCarner, Thomas _eauthor |
| 245 | 0 | 0 | _aA Portion of Thyself: Thoreau, Emerson, and Derrida on Giving |
| 260 | _c2015. | ||
| 500 | _a79 | ||
| 520 | _aPour Derrida, le don véritable relève de « l’impossible ». Plus d’un siècle auparavant, Emerson affirme en revanche que « le seul véritable don est une portion de soi-même ». Cet article se propose de confronter ces conceptions apparemment contradictoires du don. Il s’agit de mettre en regard les textes de Derrida et ceux d’Emerson et de Thoreau pour montrer comment les transcendentalistes ont cherché à repenser le concept de don, mais aussi de propriété et d’authenticité. | ||
| 690 | _agift | ||
| 690 | _aHenry David Thoreau | ||
| 690 | _aJacques Derrida | ||
| 690 | _aMarcel Mauss | ||
| 690 | _aRalph Waldo Emerson | ||
| 690 | _atranscendentalism | ||
| 690 | _adon | ||
| 690 | _aHenry David Thoreau | ||
| 690 | _aJacques Derrida | ||
| 690 | _aMarcel Mauss | ||
| 690 | _aRalph Waldo Emerson | ||
| 690 | _atranscendantalisme | ||
| 786 | 0 | _nRevue française d’études américaines | 140 | 3 | 2015-06-10 | p. 65-77 | 0397-7870 | |
| 856 | 4 | 1 | _uhttps://shs.cairn.info/revue-francaise-d-etudes-americaines-2014-3-page-65?lang=en&redirect-ssocas=7080 |
| 999 |
_c1650497 _d1650497 |
||